2923-神戸市中央区(兵庫県)の駅 - Statistics

General Stats
  • This quiz has been taken 19 times
  • The average score is 19 of 27
Answer Stats
Answer % Correct
神戸
100%
新神戸
94%
三宮
94%
三ノ宮
94%
神戸三宮
88%
元町
88%
春日野道
75%
花隈
75%
高速神戸
75%
神戸空港
75%
大倉山
69%
西元町
69%
三宮・花時計前
69%
みなと元町
69%
ハーバーランド
69%
旧居留地・大丸前
63%
中公園
63%
中埠頭
63%
県庁前
56%
ポートターミナル
56%
みなとじま
56%
南公園
56%
北埠頭
56%
貿易センター
50%
医療センター
50%
計算科学センター
50%
市民広場
38%
No matching quizzes found
Score Distribution
Percent of People with Each Score
Percentile by Number Answered
Your Score History
You have not taken this quiz